[Event "Madrid 2011/2012- Semifinal A "]
[Site "Madrid ESP"]
[Date "2012.04.10"]
[Round "1.1"]
[White "Garcia Gutierrez, Jose"]
[Black "Elissalt Cardenas, Hector"]
[Result "1-0"]
[WhiteElo "2028"]
[BlackElo "2366"]
[PlyCount "101"]
[EventDate "2012.04.10"]
[EventType "swiss"]
[EventRounds "9"]
[EventCountry "ESP"]
[Source "lmi"]
[SourceDate "2012.04.10"]

1. b3 e5 2. Bb2 d6 3. e3 c5 4. Bb5+ Nc6 5. Bxc6+ bxc6 6. Ne2 Nf6 7. O-O Be7 8.
d3 O-O 9. Nd2 Re8 10. Ng3 Bf8 11. Nc4 Nd5 12. Qf3 g6 13. e4 Nf4 14. Bc1 Ne6 15.
Be3 Qh4 16. Ne2 Bd7 17. Qg3 Qxg3 18. hxg3 f5 19. f4 fxe4 20. fxe5 exd3 21. cxd3
d5 22. Nd6 Bxd6 23. exd6 Ng7 24. Kf2 Re5 25. Ng1 d4 26. Bf4 Rf5 27. Nf3 Raf8
28. Kg1 Rd5 29. Rae1 Nf5 30. Re5 Rxe5 31. Nxe5 Be6 32. Nxc6 Bd7 33. Ne5 Bb5 34.
Rc1 Nxd6 35. Rxc5 Be8 36. Rc7 Rf5 37. Ng4 Nb5 38. Nh6+ Kf8 39. Rxh7 Rd5 40. Ng4
Rf5 41. Bh6+ Kg8 42. Rg7+ Kh8 43. Re7 Bf7 44. Bf4 Bd5 45. Be5+ Kg8 46. Nh6+ Kf8
47. Nxf5 gxf5 48. Rd7 Bc6 49. Rh7 Ke8 50. Kf2 a5 51. a4 1-0

[Event "Madrid 2011/2012- Semifinal A "]
[Site "Madrid ESP"]
[Date "2012.04.10"]
[Round "1.2"]
[White "Serrano Salvador, Eduardo"]
[Black "Quintero Torres, Pedro"]
[Result "1-0"]
[WhiteElo "2364"]
[BlackElo "2022"]
[PlyCount "101"]
[EventDate "2012.04.10"]
[EventType "swiss"]
[EventRounds "9"]
[EventCountry "ESP"]
[Source "lmi"]
[SourceDate "2012.04.10"]

1. d4 e6 2. c4 d5 3. Nf3 Nf6 4. Nc3 Be7 5. Bg5 O-O 6. e3 h6 7. Bxf6 Bxf6 8.
cxd5 exd5 9. Bd3 c5 10. dxc5 Bxc3+ 11. bxc3 Qa5 12. O-O Qxc5 13. Nd4 Nc6 14.
Qh5 Qxc3 15. Rfd1 Nxd4 16. exd4 Qc6 17. Rac1 Qd6 18. Rc3 Be6 19. Rb3 b6 20. Ba6
Bc8 21. Be2 Bd7 22. Rg3 Rac8 23. Bd3 Qf4 24. Qxd5 Be6 25. Qe4 Qxe4 26. Bxe4
Bxa2 27. Ra3 Bc4 28. Rxa7 Rfd8 29. f3 g6 30. Kf2 Rd6 31. Ra8 Rxa8 32. Bxa8 Rd8
33. Bc6 Bd5 34. Bxd5 Rxd5 35. Ke3 f5 36. Rc1 Rb5 37. Rc7 Rb2 38. d5 Kf8 39. Kf4
Re2 40. h4 Ke8 41. g3 Kd8 42. Rc6 b5 43. Rxg6 Kc7 44. Rxh6 b4 45. Rc6+ Kb7 46.
Rc4 Rb2 47. d6 b3 48. d7 Rd2 49. Rb4+ Kc7 50. Rxb3 Kxd7 51. Kxf5 1-0

[Event "Madrid 2011/2012- Semifinal A "]
[Site "Madrid ESP"]
[Date "2012.04.10"]
[Round "1.3"]
[White "Luna Hermoso, Angel"]
[Black "Ramirez Garcia, Jorge Alberto"]
[Result "1-0"]
[WhiteElo "2013"]
[BlackElo "2222"]
[PlyCount "71"]
[EventDate "2012.04.10"]
[EventType "swiss"]
[EventRounds "9"]
[EventCountry "ESP"]
[Source "lmi"]
[SourceDate "2012.04.10"]

1. d4 Nf6 2. c4 e6 3. Nf3 d5 4. g3 dxc4 5. Bg2 a6 6. O-O b5 7. Ne5 Nd5 8. a4 c6
9. e4 Nf6 10. Nc3 Bb7 11. Be3 Nbd7 12. f4 Be7 13. Nxd7 Qxd7 14. Bh3 b4 15. Ne2
Nxe4 16. f5 g5 17. fxe6 fxe6 18. d5 cxd5 19. Nd4 Nc5 20. Qh5+ Kd8 21. Rf7 Kc7
22. Bxg5 Rae8 23. Bxe7 Rxe7 24. Rxe7 Qxe7 25. Qe5+ Kb6 26. a5+ Ka7 27. Qxh8 Qg5
28. Re1 Qd2 29. Nf3 Qd3 30. Qd4 Qxd4+ 31. Nxd4 Nd3 32. Rxe6 Nxb2 33. Rb6 b3 34.
Bc8 Ba8 35. Bxa6 Na4 36. Nb5# 1-0

[Event "Madrid 2011/2012- Semifinal A "]
[Site "Madrid ESP"]
[Date "2012.04.10"]
[Round "1.4"]
[White "Pastor Alonso De Prado, Alberto E"]
[Black "Lorenzo Bailador, Alfredo"]
[Result "0-1"]
[WhiteElo "2218"]
[BlackElo "2005"]
[PlyCount "74"]
[EventDate "2012.04.10"]
[EventType "swiss"]
[EventRounds "9"]
[EventCountry "ESP"]
[Source "lmi"]
[SourceDate "2012.04.10"]

1. e4 e5 2. Nf3 Nc6 3. Bb5 a6 4. Bxc6 dxc6 5. O-O Bg4 6. h3 h5 7. d3 Qf6 8.
Nbd2 Ne7 9. Re1 Ng6 10. c3 Nf4 11. d4 Bxh3 12. Nc4 Nxg2 13. Ncxe5 Nxe1 14. Qxe1
Bd6 15. Bg5 Qe6 16. Bf4 f6 17. Kh2 Bg4 18. Qe3 fxe5 19. Nxe5 Bxe5 20. Bxe5 O-O
21. f4 Qe7 22. Qg3 Rae8 23. f5 Rf7 24. Re1 c5 25. Qf2 cxd4 26. cxd4 Qd7 27. Re3
c5 28. Rd3 cxd4 29. Rxd4 Qc6 30. Qf4 Qb5 31. Rd5 Qe2+ 32. Kg3 Qe1+ 33. Kg2 Qh4
34. Rd3 Rfe7 35. Rd5 Bh3+ 36. Kf3 Qxf4+ 37. Kxf4 Bg2 0-1

[Event "Madrid 2011/2012- Semifinal A "]
[Site "Madrid ESP"]
[Date "2012.04.10"]
[Round "1.5"]
[White "Ocaña Lameiro, Oliver"]
[Black "De La Fuente Gonzalez, Francisco"]
[Result "1/2-1/2"]
[WhiteElo "2002"]
[BlackElo "2193"]
[PlyCount "49"]
[EventDate "2012.04.10"]
[EventType "swiss"]
[EventRounds "9"]
[EventCountry "ESP"]
[Source "lmi"]
[SourceDate "2012.04.10"]

1. d4 d5 2. Nf3 Nf6 3. Bf4 Bf5 4. e3 e6 5. Bd3 Bd6 6. Bxf5 exf5 7. O-O O-O 8.
Nbd2 Bxf4 9. exf4 Qd6 10. g3 Nc6 11. c3 Rfe8 12. Ne5 Ne4 13. f3 Nxd2 14. Qxd2
Re6 15. Rae1 Rae8 16. Nd3 b6 17. Rxe6 Rxe6 18. Re1 Na5 19. b3 Kf8 20. Rxe6 Qxe6
21. Kf2 Ke7 22. Qe3 f6 23. g4 Qxe3+ 24. Kxe3 Ke6 25. h4 1/2-1/2

[Event "Madrid 2011/2012- Semifinal A "]
[Site "Madrid ESP"]
[Date "2012.04.10"]
[Round "1.6"]
[White "Rodrigo Yanguas, Maria"]
[Black "Camacho Casado, Demetrio"]
[Result "1-0"]
[WhiteElo "2181"]
[BlackElo "1989"]
[PlyCount "53"]
[EventDate "2012.04.10"]
[EventType "swiss"]
[EventRounds "9"]
[EventCountry "ESP"]
[Source "lmi"]
[SourceDate "2012.04.10"]

1. e4 e5 2. Nf3 f5 3. Bc4 fxe4 4. Nxe5 d5 5. Qh5+ g6 6. Nxg6 Nf6 7. Qe5+ Be7 8.
Nxe7 Qxe7 9. Qxe7+ Kxe7 10. Bf1 Rg8 11. b3 c5 12. Ba3 b6 13. b4 c4 14. b5+ Kf7
15. Nc3 Be6 16. Ne2 Nbd7 17. Nf4 Bf5 18. Be2 Rac8 19. Bb2 Be6 20. a4 Rc7 21.
O-O Nf8 22. f3 e3 23. dxe3 c3 24. Ba3 Ng6 25. Nxg6 hxg6 26. Bd6 Rcc8 27. a5 1-0

[Event "Madrid 2011/2012- Semifinal A "]
[Site "Madrid ESP"]
[Date "2012.04.10"]
[Round "1.7"]
[White "Rojas Pozo, Jose Luis"]
[Black "Martin Duque, Jesus"]
[Result "0-1"]
[WhiteElo "1976"]
[BlackElo "2176"]
[PlyCount "84"]
[EventDate "2012.04.10"]
[EventType "swiss"]
[EventRounds "9"]
[EventCountry "ESP"]
[Source "lmi"]
[SourceDate "2012.04.10"]

1. Nf3 Nf6 2. c4 c6 3. g3 d5 4. b3 Bf5 5. Bg2 e6 6. Bb2 h6 7. O-O Nbd7 8. d3
Bh7 9. Nbd2 Be7 10. Rc1 O-O 11. Rc2 Qb8 12. Qa1 Bd6 13. Rcc1 e5 14. cxd5 cxd5
15. e4 Re8 16. Ne1 dxe4 17. dxe4 Nc5 18. f3 b5 19. Kh1 Qb6 20. Qb1 Rad8 21. Qc2
a5 22. Nb1 Bf8 23. Rd1 Nd5 24. Qf2 Nb4 25. Rxd8 Qxd8 26. Ba1 Qd1 27. Qb2 Rd8
28. Nc3 Qd7 29. a3 Nbd3 30. Nxd3 Nxd3 31. Qa2 Bc5 32. Nd5 Qa7 33. h3 Kh8 34.
Kh2 f5 35. Qe2 Rxd5 36. exd5 f4 37. Bxe5 Qe7 38. gxf4 Nxf4 39. Qb2 Nd3 40. Qe2
Bd6 41. f4 Nxf4 42. Bxf4 Bxf4+ 0-1

[Event "Madrid 2011/2012- Semifinal A "]
[Site "Madrid ESP"]
[Date "2012.04.10"]
[Round "1.8"]
[White "Rodriguez De Castro, Ayar"]
[Black "Vukotic Jovsic, Dragan"]
[Result "0-1"]
[WhiteElo "2160"]
[BlackElo "1955"]
[PlyCount "58"]
[EventDate "2012.04.10"]
[EventType "swiss"]
[EventRounds "9"]
[EventCountry "ESP"]
[Source "lmi"]
[SourceDate "2012.04.10"]

1. d4 d5 2. c4 e6 3. Nf3 Nf6 4. Nc3 Be7 5. g3 c6 6. Bg2 O-O 7. O-O Nbd7 8. b3
b6 9. Re1 Ba6 10. Bb2 Rc8 11. e4 dxc4 12. Bf1 b5 13. bxc4 bxc4 14. Rb1 Qa5 15.
d5 cxd5 16. exd5 Bb4 17. dxe6 fxe6 18. Rxe6 Nc5 19. Bh3 Bxc3 20. Rxa6 Nxa6 21.
Bxc8 Rxc8 22. Qd6 Re8 23. Bxc3 Qxc3 24. Kg2 Qd3 25. Qxa6 Qxb1 26. Qxc4+ Kh8 27.
Ng5 h6 28. Nf7+ Kh7 29. Nd6 Re1 0-1

[Event "Madrid 2011/2012- Semifinal A "]
[Site "Madrid ESP"]
[Date "2012.04.10"]
[Round "1.9"]
[White "Martos De La Vega, Alvar"]
[Black "Gonzalez Mateos, Rafael"]
[Result "1/2-1/2"]
[WhiteElo "1945"]
[BlackElo "2157"]
[PlyCount "77"]
[EventDate "2012.04.10"]
[EventType "swiss"]
[EventRounds "9"]
[EventCountry "ESP"]
[Source "lmi"]
[SourceDate "2012.04.10"]

1. d4 Nf6 2. c4 e6 3. Nc3 Bb4 4. e3 O-O 5. Bd3 b6 6. Nge2 d5 7. O-O Bb7 8. Ng3
Nbd7 9. a3 Be7 10. b4 dxc4 11. Bxc4 c5 12. bxc5 bxc5 13. Rb1 Nb6 14. Ba2 cxd4
15. exd4 Rc8 16. Na4 Bd5 17. Nxb6 axb6 18. Bxd5 Nxd5 19. Qg4 f5 20. Qe2 Qd7 21.
Rb3 Rc6 22. Nh5 Rfc8 23. Bf4 g6 24. Be5 Rc3 25. Rxc3 Rxc3 26. Nf4 Rxa3 27. Rc1
Nxf4 28. Bxf4 Kf7 29. Be5 b5 30. h4 Ra7 31. Qe3 Kg8 32. Qh6 Bf8 33. Qg5 Bg7 34.
h5 Bxe5 35. dxe5 Rc7 36. Ra1 Qe7 37. Ra8+ Kg7 38. h6+ Kf7 39. Qe3 1/2-1/2

[Event "Madrid 2011/2012- Semifinal A "]
[Site "Madrid ESP"]
[Date "2012.04.10"]
[Round "1.10"]
[White "Barajas Fernandez, Helios"]
[Black "Santacruz Molina, Ildefonso"]
[Result "0-1"]
[WhiteElo "2120"]
[BlackElo "1933"]
[PlyCount "66"]
[EventDate "2012.04.10"]
[EventType "swiss"]
[EventRounds "9"]
[EventCountry "ESP"]
[Source "lmi"]
[SourceDate "2012.04.10"]

1. e4 c5 2. Nf3 d6 3. Bb5+ Bd7 4. Bxd7+ Qxd7 5. O-O Nf6 6. e5 dxe5 7. Nxe5 Qd6
8. d4 e6 9. Qe2 a6 10. dxc5 Qxc5 11. Re1 Be7 12. Nxf7 Kxf7 13. Qxe6+ Kf8 14. b3
b5 15. c3 a5 16. Nd2 Ra6 17. Qe2 Kf7 18. Nf3 Re8 19. Be3 Qh5 20. Ng5+ Kg8 21.
Qxb5 h6 22. Qc4+ Kh8 23. Nf7+ Kh7 24. Bf4 Ra7 25. Ne5 Qf5 26. Bg3 Rc8 27. Qd4
Bc5 28. Qa4 Nbd7 29. Nxd7 Rxd7 30. h3 Rd2 31. Re5 Bxf2+ 32. Kh1 Qc2 33. Qf4
Rxc3 0-1

[Event "Madrid 2011/2012- Semifinal A "]
[Site "Madrid ESP"]
[Date "2012.04.10"]
[Round "1.11"]
[White "Lopez Garralon, Miguel"]
[Black "Estrada Martinez, Cesar"]
[Result "1/2-1/2"]
[WhiteElo "1928"]
[BlackElo "2114"]
[PlyCount "108"]
[EventDate "2012.04.10"]
[EventType "swiss"]
[EventRounds "9"]
[EventCountry "ESP"]
[Source "lmi"]
[SourceDate "2012.04.10"]

1. e4 c5 2. Nf3 g6 3. d4 cxd4 4. Nxd4 Nf6 5. Nc3 Nc6 6. Be3 Bg7 7. g3 d6 8. h3
O-O 9. Bg2 Ne5 10. b3 Bd7 11. Qd2 Qa5 12. O-O Rfe8 13. a4 Rac8 14. Nce2 Qxd2
15. Bxd2 Nc6 16. c3 Nxd4 17. Nxd4 Bc6 18. Rfe1 Nd7 19. Bf1 Nc5 20. Nxc6 bxc6
21. Bc4 Nxe4 22. Bxf7+ Kxf7 23. Rxe4 d5 24. Re2 Rb8 25. Rb1 c5 26. f4 Rb7 27.
b4 Rc8 28. Kg2 e6 29. Kf3 Bf8 30. Be1 cxb4 31. cxb4 Rc4 32. Reb2 Bd6 33. Ke3 e5
34. fxe5 Bxe5 35. Rb3 Ke6 36. Rd3 Bd6 37. Rdb3 Rbc7 38. a5 a6 39. b5 axb5 40.
Rxb5 Bc5+ 41. Kd3 Rf7 42. R1b3 Rf1 43. Ke2 Rf7 44. Kd3 Ke5 45. Bc3+ Bd4 46. Be1
Rf3+ 47. Ke2 Rxb3 48. Rxb3 Ra4 49. Rb7 Ra2+ 50. Kd3 Ra3+ 51. Kc2 Ra2+ 52. Kd3
Ra3+ 53. Kc2 Ra2+ 54. Kd3 Ra3+ 1/2-1/2

[Event "Madrid 2011/2012- Semifinal A "]
[Site "Madrid ESP"]
[Date "2012.04.10"]
[Round "1.12"]
[White "Ciuro Muñoz, Ricardo"]
[Black "Pinel Mirasierra, Jose Pablo"]
[Result "0-1"]
[WhiteElo "2110"]
[BlackElo "1919"]
[PlyCount "74"]
[EventDate "2012.04.10"]
[EventType "swiss"]
[EventRounds "9"]
[EventCountry "ESP"]
[Source "lmi"]
[SourceDate "2012.04.10"]

1. e4 c6 2. Nf3 d5 3. exd5 cxd5 4. Ne5 Nc6 5. d4 g6 6. c3 Bg7 7. Bf4 Nf6 8. h3
O-O 9. Bd3 Qb6 10. b3 Nd7 11. Be3 Ndxe5 12. dxe5 Qc7 13. f4 f6 14. exf6 Rxf6
15. O-O e5 16. fxe5 Rxf1+ 17. Qxf1 Qxe5 18. Bf4 Qf6 19. Bd2 Nb4 20. a3 Nxd3 21.
Qxd3 d4 22. Kh1 Bf5 23. Qf1 Qc6 24. cxd4 Bxd4 25. Nc3 Rf8 26. Rc1 Bxh3 27. Qc4+
Qxc4 28. bxc4 Bxg2+ 29. Kxg2 Rf2+ 30. Kg3 Rxd2 31. Nb5 a6 32. Nxd4 Rxd4 33. Rb1
Rxc4 34. Rxb7 Rc3+ 35. Kf4 Rxa3 36. Ra7 Ra5 37. Kg4 h6 0-1

[Event "Madrid 2011/2012- Semifinal A "]
[Site "Madrid ESP"]
[Date "2012.04.10"]
[Round "1.13"]
[White "Fernandez Garcia, Ignacio"]
[Black "Perez De Aranda A., Leonardo I"]
[Result "0-1"]
[WhiteElo "1909"]
[BlackElo "2107"]
[PlyCount "94"]
[EventDate "2012.04.10"]
[EventType "swiss"]
[EventRounds "9"]
[EventCountry "ESP"]
[Source "lmi"]
[SourceDate "2012.04.10"]

1. e4 c5 2. Nc3 a6 3. Nf3 d6 4. Bc4 e6 5. O-O b5 6. Be2 Bb7 7. d3 Nd7 8. Re1
Ngf6 9. Bf1 Be7 10. Ne2 O-O 11. Ng3 Re8 12. c3 Nf8 13. Bd2 Ng6 14. Rc1 Rc8 15.
a4 Qb6 16. h3 Bc6 17. axb5 axb5 18. Be3 Ra8 19. b4 Qb7 20. bxc5 dxc5 21. Rb1
Ra3 22. Rb3 Rea8 23. Rxa3 Rxa3 24. Qc1 b4 25. Bd2 Ra2 26. cxb4 cxb4 27. Nd4 Ba4
28. Be3 b3 29. Qb1 Ba3 30. Nge2 Qb4 31. Rd1 e5 32. Nf3 b2 33. Bd2 Qb3 34. Nc3
Ra1 35. Qxa1 bxa1=Q 36. Rxa1 Bc6 37. Rb1 Qe6 38. Rb6 Bc5 39. Ra6 Qc8 40. Ra2 h6
41. Rc2 Qe6 42. Ne2 Bb6 43. Ng3 Bb5 44. Nf5 Ne7 45. Rb2 Nxf5 46. Rxb5 Nd4 47.
Nxd4 Bxd4 0-1

[Event "Madrid 2011/2012- Semifinal A "]
[Site "Madrid ESP"]
[Date "2012.04.10"]
[Round "1.15"]
[White "Lopez Heras, Arturo"]
[Black "Gomez Gonzalez, Javier"]
[Result "1/2-1/2"]
[WhiteElo "1882"]
[BlackElo "2077"]
[PlyCount "40"]
[EventDate "2012.04.10"]
[EventType "swiss"]
[EventRounds "9"]
[EventCountry "ESP"]
[Source "lmi"]
[SourceDate "2012.04.10"]

1. e4 c5 2. Nf3 d6 3. d4 cxd4 4. Nxd4 Nf6 5. Nc3 a6 6. f4 b5 7. a4 b4 8. Nd5
Nxd5 9. exd5 Bb7 10. Bc4 g6 11. O-O Bg7 12. f5 Nd7 13. Nc6 Qb6+ 14. Kh1 Ne5 15.
Nxe5 Bxe5 16. Qe2 Qd4 17. Be3 Qh4 18. Bg1 O-O 19. Rae1 Rfc8 20. b3 Bc3 1/2-1/2

[Event "Madrid 2011/2012- Semifinal A "]
[Site "Madrid ESP"]
[Date "2012.04.10"]
[Round "1.16"]
[White "Madurga Lopez, Ignacio"]
[Black "Camarero Izquierdo, Juan Carlos"]
[Result "1-0"]
[WhiteElo "2073"]
[BlackElo "1881"]
[PlyCount "49"]
[EventDate "2012.04.10"]
[EventType "swiss"]
[EventRounds "9"]
[EventCountry "ESP"]
[Source "lmi"]
[SourceDate "2012.04.10"]

1. e4 c5 2. d4 cxd4 3. c3 d3 4. Bxd3 d6 5. Nf3 Bg4 6. Bc4 Nf6 7. Bxf7+ Kxf7 8.
Ne5+ Ke8 9. Nxg4 Nbd7 10. Nxf6+ Nxf6 11. O-O Qb6 12. Qe2 h5 13. Be3 Qa5 14. f3
h4 15. Nd2 Qh5 16. Qc4 g6 17. Nb3 Bh6 18. Bd4 Bg5 19. Rae1 Kf8 20. e5 dxe5 21.
Rxe5 Qh6 22. Nc5 b5 23. Ne6+ Kg8 24. Qb3 Bd2 25. Ng5+ 1-0

[Event "Madrid 2011/2012- Semifinal A "]
[Site "Madrid ESP"]
[Date "2012.04.10"]
[Round "1.17"]
[White "Cano Mercado, Francisco Manuel"]
[Black "Sterling Carmona, Francisco"]
[Result "1-0"]
[WhiteElo "1872"]
[BlackElo "2072"]
[PlyCount "83"]
[EventDate "2012.04.10"]
[EventType "swiss"]
[EventRounds "9"]
[EventCountry "ESP"]
[Source "lmi"]
[SourceDate "2012.04.10"]

1. d4 Nf6 2. c4 e6 3. Nc3 d5 4. Bg5 Be7 5. e3 O-O 6. Nf3 h6 7. Bh4 b6 8. Bd3
Bb7 9. Bxf6 Bxf6 10. cxd5 exd5 11. O-O c5 12. Rc1 Qe7 13. Re1 Rd8 14. Bb1 g6
15. a3 Na6 16. Ne2 Nc7 17. Nf4 Rac8 18. Nd3 c4 19. Nde5 b5 20. Qc2 a5 21. h4 h5
22. Nxg6 fxg6 23. Qxg6+ Qg7 24. Qxh5 Bc6 25. Ng5 Be8 26. Bh7+ Kf8 27. Qf3 Bf7
28. Bf5 Rb8 29. Nh7+ Kg8 30. Nxf6+ Qxf6 31. Qg3+ Kf8 32. e4 dxe4 33. Bxe4 Nd5
34. Bxd5 Bxd5 35. Re5 Rb7 36. Rce1 Rg7 37. Rg5 Rxg5 38. hxg5 Qxd4 39. g6 Ba8
40. Qg5 Rd7 41. Qh6+ Qg7 42. Qf4+ 1-0

[Event "Madrid 2011/2012- Semifinal A "]
[Site "Madrid ESP"]
[Date "2012.04.10"]
[Round "1.18"]
[White "Garcia Prados, David"]
[Black "Martinez Montalvo, Eduardo"]
[Result "1-0"]
[WhiteElo "2070"]
[BlackElo "1860"]
[PlyCount "55"]
[EventDate "2012.04.10"]
[EventType "swiss"]
[EventRounds "9"]
[EventCountry "ESP"]
[Source "lmi"]
[SourceDate "2012.04.10"]

1. e4 d5 2. exd5 Nf6 3. Nc3 Nxd5 4. Nf3 Nc6 5. d3 Bg4 6. Be2 e6 7. a3 Be7 8.
Bd2 O-O 9. h3 Bh5 10. g4 Bg6 11. h4 h5 12. gxh5 Bxh5 13. Ng5 Nxc3 14. Bxc3 Bxe2
15. Qxe2 Bxg5 16. hxg5 Qxg5 17. Qf3 f6 18. Ke2 Rad8 19. Rag1 Qd5 20. Qg3 Rf7
21. Bxf6 Nd4+ 22. Kd1 Nf5 23. Qg5 Qf3+ 24. Kc1 Rdd7 25. Qg6 Qf4+ 26. Kb1 Nh6
27. Rxh6 Rxf6 28. Qxf6 1-0

[Event "Madrid 2011/2012- Semifinal A "]
[Site "Madrid ESP"]
[Date "2012.04.10"]
[Round "1.19"]
[White "Jimenez Gonzalez, Marcos"]
[Black "Alvarez Abejon, Amilcar"]
[Result "0-1"]
[WhiteElo "1848"]
[BlackElo "2069"]
[PlyCount "58"]
[EventDate "2012.04.10"]
[EventType "swiss"]
[EventRounds "9"]
[EventCountry "ESP"]
[Source "lmi"]
[SourceDate "2012.04.10"]

1. c4 g6 2. g3 Bg7 3. Nc3 c5 4. Bg2 Nc6 5. Nf3 Nf6 6. O-O O-O 7. d4 cxd4 8.
Nxd4 Nxd4 9. Qxd4 d6 10. Qd3 Be6 11. Bxb7 Rb8 12. Bg2 Qa5 13. Rb1 Rfc8 14. Nd5
Bxd5 15. cxd5 Qxa2 16. Be3 Ng4 17. Bd4 Qc4 18. Qxc4 Rxc4 19. Bxg7 Kxg7 20. Ra1
Rxb2 21. Rxa7 Rxe2 22. Bf3 Re5 23. Bxg4 Rxg4 24. Rd1 Rge4 25. Rd3 Re2 26. Ra4
Rc2 27. Rf4 Ree2 28. g4 Rcd2 29. Rff3 Rxf2 0-1

[Event "Madrid 2011/2012- Semifinal A "]
[Site "Madrid ESP"]
[Date "2012.04.10"]
[Round "1.21"]
[White "Lopez Peral, Enrique"]
[Black "Nuñez Reiz, Antonio"]
[Result "0-1"]
[WhiteElo "1844"]
[BlackElo "2061"]
[PlyCount "128"]
[EventDate "2012.04.10"]
[EventType "swiss"]
[EventRounds "9"]
[EventCountry "ESP"]
[Source "lmi"]
[SourceDate "2012.04.10"]

1. Nf3 Nf6 2. c4 g6 3. b3 Bg7 4. Bb2 O-O 5. g3 c6 6. Bg2 d5 7. O-O Re8 8. d3
Na6 9. Na3 Bf5 10. cxd5 cxd5 11. Rc1 Qb6 12. Nc2 Nd7 13. Bxg7 Kxg7 14. Ncd4 Bg4
15. Nc2 e5 16. Ne3 Be6 17. Ng5 Nf6 18. Nxe6+ Qxe6 19. Qd2 Rac8 20. Qa5 e4 21.
dxe4 dxe4 22. Qb5 Rxc1 23. Rxc1 Rc8 24. Rc4 Rxc4 25. Nxc4 Qe7 26. Qe5 Qxe5 27.
Nxe5 Nb4 28. a4 b6 29. Nc4 Nbd5 30. Nd6 Nc3 31. Kf1 a5 32. Ke1 e3 33. fxe3 Ncd5
34. Kd2 Kf8 35. Kd3 Ke7 36. Bxd5 Nxd5 37. Nc8+ Kd7 38. Kd4 Kc6 39. e4 Nc7 40.
Ne7+ Kd6 41. Nc8+ Kc6 42. e5 Ne6+ 43. Kc4 Nc7 44. e4 Ne6 45. Ne7+ Kd7 46. Nd5
Kc6 47. Nf6 h5 48. h4 Nc5 49. Kc3 b5 50. axb5+ Kxb5 51. g4 hxg4 52. Nxg4 Nxe4+
53. Kd4 Nd2 54. Nh6 Nf3+ 55. Ke4 Nxh4 56. Nxf7 Nf5 57. Nh8 Ne7 58. e6 Kb4 59.
Nxg6 Nxg6 60. Kf5 Ne7+ 61. Kf6 Nc6 62. Kg7 Kxb3 63. Kf8 a4 64. Ke8 Nd4 0-1

[Event "Madrid 2011/2012- Semifinal A "]
[Site "Madrid ESP"]
[Date "2012.04.10"]
[Round "1.22"]
[White "Aguado Solana, Juan"]
[Black "Osorio Ramos, Francisco"]
[Result "1-0"]
[WhiteElo "2060"]
[BlackElo "1839"]
[PlyCount "47"]
[EventDate "2012.04.10"]
[EventType "swiss"]
[EventRounds "9"]
[EventCountry "ESP"]
[Source "lmi"]
[SourceDate "2012.04.10"]

1. d4 Nf6 2. Bg5 c5 3. Bxf6 exf6 4. d5 Qb6 5. Qc1 d6 6. Nd2 f5 7. Ngf3 Nd7 8.
e4 fxe4 9. Nxe4 Qb4+ 10. Nfd2 Qd4 11. Bc4 Nb6 12. c3 Qe5 13. O-O Kd8 14. Re1
Nxc4 15. Nxc4 Qxd5 16. Ncxd6 Bxd6 17. Nxd6 Kc7 18. Nb5+ Kb6 19. Rd1 Qe5 20.
Rd6+ Kxb5 21. a4+ Kc4 22. b3+ Kxb3 23. Ra3+ Kc4 24. Qf1+ 1-0

[Event "Madrid 2011/2012- Semifinal A "]
[Site "Madrid ESP"]
[Date "2012.04.10"]
[Round "1.24"]
[White "Mansilla Tolosa, Luis E"]
[Black "Redondo Garcia, Jose Luis"]
[Result "1-0"]
[WhiteElo "2048"]
[BlackElo "1817"]
[PlyCount "131"]
[EventDate "2012.04.10"]
[EventType "swiss"]
[EventRounds "9"]
[EventCountry "ESP"]
[Source "lmi"]
[SourceDate "2012.04.10"]

1. d4 d5 2. c4 Nf6 3. Nf3 g6 4. g3 Bg7 5. cxd5 Nxd5 6. Bg2 c6 7. O-O O-O 8. e4
Nf6 9. Nc3 Re8 10. Qb3 e6 11. e5 Nd5 12. Ne4 Qb6 13. Qd1 Nd7 14. Nd6 Rf8 15. b3
a5 16. Bd2 Qa6 17. Qc1 c5 18. Bh6 cxd4 19. Bxg7 Kxg7 20. Qb2 d3 21. Rfd1 Nc5
22. Ne1 Nb4 23. a3 Nc6 24. Bf1 Qb6 25. Rab1 Qc7 26. Rdc1 b6 27. Nxd3 Ba6 28.
Nxc5 Bxf1 29. Kxf1 bxc5 30. Rxc5 Qb6 31. Qc3 Ne7 32. Rc1 Nd5 33. Qd3 Qa6 34.
Qxa6 Rxa6 35. Nc4 Rfa8 36. Ke2 h5 37. Ne3 Nxe3 38. Kxe3 Rb6 39. R5c3 Rab8 40.
Rb1 g5 41. f4 Rb5 42. b4 Kg6 43. h4 g4 44. Kd4 axb4 45. Rcb3 Rd5+ 46. Ke4 f5+
47. exf6 Kxf6 48. axb4 Rbb5 49. Rd3 Rxd3 50. Kxd3 e5 51. Kc4 Rb8 52. fxe5+ Kxe5
53. Re1+ Kd6 54. Rd1+ Ke5 55. b5 Ke4 56. Rb1 Kf3 57. Rb3+ Kg2 58. b6 Rxb6 59.
Rxb6 Kxg3 60. Kd3 Kxh4 61. Rh6 Kg5 62. Rh8 h4 63. Ke3 h3 64. Rg8+ Kh4 65. Kf4
Kh5 66. Kg3 1-0

[Event "Madrid 2011/2012- Semifinal A "]
[Site "Madrid ESP"]
[Date "2012.04.10"]
[Round "1.25"]
[White "Carrera Cabañeros, Francisco"]
[Black "Spitzer Isbert, Ramon"]
[Result "0-1"]
[WhiteElo "1814"]
[BlackElo "2046"]
[PlyCount "60"]
[EventDate "2012.04.10"]
[EventType "swiss"]
[EventRounds "9"]
[EventCountry "ESP"]
[Source "lmi"]
[SourceDate "2012.04.10"]

1. d4 Nf6 2. c4 c5 3. d5 b5 4. b3 Bb7 5. Nd2 g6 6. Bb2 Bg7 7. Qc2 O-O 8. e4 e6
9. Bd3 bxc4 10. bxc4 exd5 11. cxd5 Re8 12. Ne2 Ba6 13. O-O Qc7 14. Bxf6 Bxf6
15. Rac1 d6 16. Nc4 Bxc4 17. Qxc4 Nd7 18. f4 Rab8 19. Ng3 Rb2 20. Qa6 Bd4+ 21.
Kh1 Reb8 22. h4 R8b6 23. Qa4 Qd8 24. Nf5 gxf5 25. g3 fxe4 26. Bxe4 Nf6 27. Bf5
Qa8 28. Rfe1 Qxd5+ 29. Be4 Ng4 30. Qe8+ Kg7 0-1

[Event "Madrid 2011/2012- Semifinal A "]
[Site "Madrid ESP"]
[Date "2012.04.10"]
[Round "1.26"]
[White "Lopez De Turiso Sanchez, Jose Angel"]
[Black "Barroso Barroso, Jorge"]
[Result "0-1"]
[WhiteElo "2038"]
[BlackElo "1763"]
[PlyCount "56"]
[EventDate "2012.04.10"]
[EventType "swiss"]
[EventRounds "9"]
[EventCountry "ESP"]
[Source "lmi"]
[SourceDate "2012.04.10"]

1. d4 e6 2. c4 d5 3. cxd5 exd5 4. Nc3 Nf6 5. Bg5 Be7 6. e3 c6 7. Bd3 O-O 8. Qc2
h6 9. Bh4 Nbd7 10. Nge2 Re8 11. O-O-O Qa5 12. Kb1 b5 13. Rdg1 Nb6 14. Bxf6 Bxf6
15. g4 b4 16. Nd1 Nc4 17. h4 Be7 18. g5 h5 19. Nf4 Rb8 20. Bxc4 dxc4 21. Qxc4
Bf5+ 22. Kc1 g6 23. Re1 Be4 24. Rhf1 b3 25. Nc3 Rb4 26. Qe2 bxa2 27. Nxa2 Qxa2
28. Nd3 Qc4+ 0-1